{"text_format":"3","workbook":"xlsx","n_sheets":1,"sheets":["t239"],"read":"whole","date_system":"1900"}

{"sheet":"t239","index":0,"n_rows":162,"n_cols":7,"rows_kept":162,"merged":[[0,0,0,6],[28,0,28,5],[40,0,40,5],[145,0,145,5]]}
["TABELA 239.1 - Estatísticas Agrícolas, Município de Ipaussu, Estado de São Paulo, 2016/17."]
["ITEM","UNIDADE","N.DE UPAs","MÍNIMO","MÉDIO","MÁXIMO","TOTAL"]
["Distância à sede do município","km",155,{"v":1,"d":"1.0"},{"v":5.56,"d":"5.6"},14.5,"-"]
["Área total","hectare",155,0.3,{"v":130.76,"d":"130.8"},{"v":2662.5,"d":"2,662.5"},{"v":20267.5,"d":"20,267.5"}]
["Área com cultura perene","hectare",14,0.3,{"v":6.09,"d":"6.1"},36.3,85.3]
["Área com cultura temporária","hectare",116,2.4,126.4,{"v":2208.5,"d":"2,208.5"},{"v":14662.3,"d":"14,662.3"}]
["Área com pastagem","hectare",64,0.5,{"v":46.89,"d":"46.9"},{"v":1136,"d":"1,136.0"},{"v":3001.2,"d":"3,001.2"}]
["Área com reflorestamento","hectare",7,0.4,{"v":5.47,"d":"5.5"},11.5,38.3]
["Área com vegetação natural","hectare",57,0.3,{"v":26.41,"d":"26.4"},{"v":300,"d":"300.0"},{"v":1505.6,"d":"1,505.6"}]
["Área com vegetação de brejo e várzea","hectare",36,0.1,{"v":10.04,"d":"10.0"},{"v":106,"d":"106.0"},361.4]
["Área em descanso","hectare",7,0.1,{"v":11.59,"d":"11.6"},42.9,81.1]
["Área complementar","hectare",113,0.1,{"v":4.71,"d":"4.7"},96.1,532.3]
["Área das UPAs com (0, 1] ha","hectare",1,0.3,0.3,0.3,0.3]
["Área das UPAs com (1, 2] ha","hectare",9,1.2,{"v":1.54,"d":"1.5"},1.8,13.9]
["Área das UPAs com (2, 5] ha","hectare",9,2.4,{"v":4.07,"d":"4.1"},4.8,36.6]
["Área das UPAs com (5, 10] ha","hectare",18,5.2,{"v":7.68,"d":"7.7"},{"v":10,"d":"10.0"},138.2]
["Área das UPAs com (10, 20] ha","hectare",22,10.5,{"v":15.12,"d":"15.1"},19.6,332.6]
["Área das UPAs com (20, 50] ha","hectare",36,20.5,{"v":31.72,"d":"31.7"},48.4,{"v":1141.9,"d":"1,141.9"}]
["Área das UPAs com (50, 100] ha","hectare",25,52.9,{"v":70.77,"d":"70.8"},96.8,{"v":1769.3,"d":"1,769.3"}]
["Área das UPAs com (100, 200] ha","hectare",6,105.6,{"v":131.88,"d":"131.9"},187.9,791.3]
["Área das UPAs com (200, 500] ha","hectare",23,208.9,{"v":334.51,"d":"334.5"},477.6,{"v":7693.8,"d":"7,693.8"}]
["Área das UPAs com (500, 1.000] ha","hectare",3,629.1,{"v":755.23,"d":"755.2"},862.6,{"v":2265.7,"d":"2,265.7"}]
["Área das UPAs com (1.000, 2.000] ha","hectare",1,{"v":1227.4,"d":"1,227.4"},{"v":1227.4,"d":"1,227.4"},{"v":1227.4,"d":"1,227.4"},{"v":1227.4,"d":"1,227.4"}]
["Área das UPAs com (2.000, 5.000] ha","hectare",2,{"v":2194,"d":"2,194.0"},{"v":2428.25,"d":"2,428.3"},{"v":2662.5,"d":"2,662.5"},{"v":4856.5,"d":"4,856.5"}]
["Área das UPAs com (5.000, 10.000] ha","hectare","-","-","-","-","-"]
["Área das UPAs acima de 10.000 ha","hectare","-","-","-","-","-"]
["Fonte: Secretaria de Agricultura e Abastecimento, CDRS/IEA, Projeto LUPA."]
[]
["TABELA 239.2 - Explorações Animais, Município de Ipaussu, Estado de São Paulo, 2016/17."]
["ITEM","UNIDADE","N.DE UPAs","MÍNIMO","MÉDIO","MÁXIMO","TOTAL"]
["Asininos e muares","cabecas",1,{"v":2,"d":"2.0"},{"v":2,"d":"2.0"},{"v":2,"d":"2.0"},{"v":2,"d":"2.0"}]
["Bovinocultura de corte","cabecas",35,{"v":3,"d":"3.0"},{"v":138.91,"d":"138.9"},{"v":1651,"d":"1,651.0"},{"v":4862,"d":"4,862.0"}]
["Bovinocultura leiteira","cabecas",4,{"v":8,"d":"8.0"},{"v":55.75,"d":"55.8"},{"v":195,"d":"195.0"},{"v":223,"d":"223.0"}]
["Bovinocultura mista","cabecas",5,{"v":6,"d":"6.0"},{"v":14,"d":"14.0"},{"v":32,"d":"32.0"},{"v":70,"d":"70.0"}]
["Equinocultura","cabecas",27,{"v":1,"d":"1.0"},{"v":9.15,"d":"9.2"},{"v":71,"d":"71.0"},{"v":247,"d":"247.0"}]
["Ovinocultura","cabecas",2,{"v":30,"d":"30.0"},32.5,{"v":35,"d":"35.0"},{"v":65,"d":"65.0"}]
["Piscicultura","m2 tanques",2,{"v":1500,"d":"1,500.0"},{"v":4750,"d":"4,750.0"},{"v":8000,"d":"8,000.0"},{"v":9500,"d":"9,500.0"}]
["Suinocultura","cabecas",1,{"v":20,"d":"20.0"},{"v":20,"d":"20.0"},{"v":20,"d":"20.0"},{"v":20,"d":"20.0"}]
["Fonte: Secretaria de Agricultura e Abastecimento, CDRS/IEA, Projeto LUPA."]
[]
["TABELA 239.3 -  Máquinas, Implementos e Benfeitorias, Município de Ipaussu, Estado de São Paulo, 2016/17."]
["ITEM","UNIDADE","N.DE UPAs","MÍNIMO","MÉDIO","MÁXIMO","TOTAL"]
["Arado comum (bacia, aiveca)","unidade",18,{"v":1,"d":"1.0"},{"v":1.06,"d":"1.1"},{"v":2,"d":"2.0"},{"v":19,"d":"19.0"}]
["Arado escarificador","unidade",1,{"v":1,"d":"1.0"},{"v":1,"d":"1.0"},{"v":1,"d":"1.0"},{"v":1,"d":"1.0"}]
["Arado subsolador","unidade",4,{"v":1,"d":"1.0"},{"v":1,"d":"1.0"},{"v":1,"d":"1.0"},{"v":4,"d":"4.0"}]
["Carregadeira de cana","unidade",1,{"v":1,"d":"1.0"},{"v":1,"d":"1.0"},{"v":1,"d":"1.0"},{"v":1,"d":"1.0"}]
["Carreta de trator","unidade",2,{"v":1,"d":"1.0"},{"v":1,"d":"1.0"},{"v":1,"d":"1.0"},{"v":2,"d":"2.0"}]
["Colhedeira acoplada","unidade",1,{"v":1,"d":"1.0"},{"v":1,"d":"1.0"},{"v":1,"d":"1.0"},{"v":1,"d":"1.0"}]
["Colhedeira automotriz","unidade",3,{"v":1,"d":"1.0"},{"v":1,"d":"1.0"},{"v":1,"d":"1.0"},{"v":3,"d":"3.0"}]
["Conj.irrigacao autopropelido","unidade",1,{"v":1,"d":"1.0"},{"v":1,"d":"1.0"},{"v":1,"d":"1.0"},{"v":1,"d":"1.0"}]
["Conj.irrigacao convencional","unidade",2,{"v":1,"d":"1.0"},{"v":1,"d":"1.0"},{"v":1,"d":"1.0"},{"v":2,"d":"2.0"}]
["Conj.irrigacao/gotejamento/microaspersao","unidade",1,{"v":1,"d":"1.0"},{"v":1,"d":"1.0"},{"v":1,"d":"1.0"},{"v":1,"d":"1.0"}]
["Desintegrador, picador, triturador","unidade",4,{"v":1,"d":"1.0"},{"v":1.25,"d":"1.3"},{"v":2,"d":"2.0"},{"v":5,"d":"5.0"}]
["Distribuidor de calcario","unidade",4,{"v":1,"d":"1.0"},{"v":1,"d":"1.0"},{"v":1,"d":"1.0"},{"v":4,"d":"4.0"}]
["Ensiladeira","unidade",5,{"v":1,"d":"1.0"},1.6,{"v":4,"d":"4.0"},{"v":8,"d":"8.0"}]
["Grade aradora (tipo romi)","unidade",9,{"v":1,"d":"1.0"},{"v":1.22,"d":"1.2"},{"v":3,"d":"3.0"},{"v":11,"d":"11.0"}]
["Grade niveladora","unidade",11,{"v":1,"d":"1.0"},{"v":1.27,"d":"1.3"},{"v":2,"d":"2.0"},{"v":14,"d":"14.0"}]
["Mmicrotrator","unidade",1,{"v":1,"d":"1.0"},{"v":1,"d":"1.0"},{"v":1,"d":"1.0"},{"v":1,"d":"1.0"}]
["Pulverizador tratorizado","unidade",12,{"v":1,"d":"1.0"},{"v":1.42,"d":"1.4"},{"v":4,"d":"4.0"},{"v":17,"d":"17.0"}]
["Roçadeira tratorizada","unidade",1,{"v":1,"d":"1.0"},{"v":1,"d":"1.0"},{"v":1,"d":"1.0"},{"v":1,"d":"1.0"}]
["Semeadeira/adubadeira para plantio convencional","unidade",5,{"v":1,"d":"1.0"},1.4,{"v":2,"d":"2.0"},{"v":7,"d":"7.0"}]
["Semeadeira/plantadeira plantio direto","unidade",3,{"v":2,"d":"2.0"},{"v":2.33,"d":"2.3"},{"v":3,"d":"3.0"},{"v":7,"d":"7.0"}]
["Tecnologias de gps para controle de máquinas","unidade",1,{"v":1,"d":"1.0"},{"v":1,"d":"1.0"},{"v":1,"d":"1.0"},{"v":1,"d":"1.0"}]
["Terraceador","unidade",3,{"v":1,"d":"1.0"},{"v":1,"d":"1.0"},{"v":1,"d":"1.0"},{"v":3,"d":"3.0"}]
["Trator de esteiras","unidade",1,{"v":1,"d":"1.0"},{"v":1,"d":"1.0"},{"v":1,"d":"1.0"},{"v":1,"d":"1.0"}]
["Trator de pneus  acima de 85 cv","unidade",3,{"v":1,"d":"1.0"},{"v":4,"d":"4.0"},{"v":7,"d":"7.0"},{"v":12,"d":"12.0"}]
["Trator de pneus até 65 cv","unidade",18,{"v":1,"d":"1.0"},{"v":1.72,"d":"1.7"},{"v":5,"d":"5.0"},{"v":31,"d":"31.0"}]
["Trator de pneus de 66 cv a 85 cv","unidade",11,{"v":1,"d":"1.0"},{"v":2,"d":"2.0"},{"v":4,"d":"4.0"},{"v":22,"d":"22.0"}]
["Acude/represa","unidade",22,{"v":1,"d":"1.0"},{"v":2.05,"d":"2.1"},{"v":6,"d":"6.0"},{"v":45,"d":"45.0"}]
["Adega cantina","unidade",1,{"v":1,"d":"1.0"},{"v":1,"d":"1.0"},{"v":1,"d":"1.0"},{"v":1,"d":"1.0"}]
["Almoxarifado/oficina","unidade",7,{"v":1,"d":"1.0"},{"v":1,"d":"1.0"},{"v":1,"d":"1.0"},{"v":7,"d":"7.0"}]
["Armazem para graos ensacados","sacas",5]
["Balanca para bovinos","unidade",5,{"v":1,"d":"1.0"},1.2,{"v":2,"d":"2.0"},{"v":6,"d":"6.0"}]
["Balanca para veiculos","unidade",1,{"v":2,"d":"2.0"},{"v":2,"d":"2.0"},{"v":2,"d":"2.0"},{"v":2,"d":"2.0"}]
["Barracao para granja/avicultura","unidade",2,{"v":1,"d":"1.0"},{"v":1,"d":"1.0"},{"v":1,"d":"1.0"},{"v":2,"d":"2.0"}]
["Barracao/galpao/garagem","unidade",43,{"v":1,"d":"1.0"},1.4,{"v":5,"d":"5.0"},{"v":60,"d":"60.0"}]
["Casa de moradia habitada","unidade",73,{"v":1,"d":"1.0"},{"v":2.11,"d":"2.1"},{"v":14,"d":"14.0"},{"v":154,"d":"154.0"}]
["Casa de moradia total","unidade",91,{"v":1,"d":"1.0"},{"v":3.23,"d":"3.2"},{"v":23,"d":"23.0"},{"v":294,"d":"294.0"}]
["Curral/mangueira","unidade",31,{"v":1,"d":"1.0"},{"v":1.16,"d":"1.2"},{"v":2,"d":"2.0"},{"v":36,"d":"36.0"}]
["Deposito/tulha","unidade",27,{"v":1,"d":"1.0"},{"v":1.44,"d":"1.4"},{"v":6,"d":"6.0"},{"v":39,"d":"39.0"}]
["Engenho","unidade",2,{"v":1,"d":"1.0"},{"v":1,"d":"1.0"},{"v":1,"d":"1.0"},{"v":2,"d":"2.0"}]
["Estabulo","unidade",7,{"v":1,"d":"1.0"},{"v":1.57,"d":"1.6"},{"v":3,"d":"3.0"},{"v":11,"d":"11.0"}]
["Estufa/plasticultura","m2",1]
["Instalacoes para equinos","unidade",6,{"v":1,"d":"1.0"},9.5,{"v":28,"d":"28.0"},{"v":57,"d":"57.0"}]
["Maquina de beneficio","unidade",2,{"v":1,"d":"1.0"},{"v":1,"d":"1.0"},{"v":1,"d":"1.0"},{"v":2,"d":"2.0"}]
["Pocilga","unidade",7,{"v":1,"d":"1.0"},{"v":1.14,"d":"1.1"},{"v":2,"d":"2.0"},{"v":8,"d":"8.0"}]
["Poco semi-artesiano","unidade",17,{"v":1,"d":"1.0"},{"v":1,"d":"1.0"},{"v":1,"d":"1.0"},{"v":17,"d":"17.0"}]
["Secador de graos","unidade",2,{"v":1,"d":"1.0"},{"v":1,"d":"1.0"},{"v":1,"d":"1.0"},{"v":2,"d":"2.0"}]
["Silo para silagem","ton",1]
["Terreiro","m2",24]
["Usina de acucar/destilaria","unidade",1,{"v":1,"d":"1.0"},{"v":1,"d":"1.0"},{"v":1,"d":"1.0"},{"v":1,"d":"1.0"}]
["Fonte: Secretaria de Agricultura e Abastecimento, CDRS/IEA, Projeto LUPA."]
[]
["TABELA 239.4 - Outras Estatísticas Agrícolas, Município de Ipaussu, Estado de São Paulo, 2016/17."]
["ITEM","Número de UPAs",null,"Percentual"]
["Faz Parte de Associação de Produtores",62,null,{"v":40,"d":"40.0"}]
["Faz Parte de Cooperativa de Produtores",42,null,{"v":27.096774193548388,"d":"27.1"}]
["Faz Parte do Sindicato de Produtores",41,null,{"v":26.451612903225808,"d":"26.5"}]
["Não utiliza assistência técnica ",43,null,{"v":27.741935483870968,"d":"27.7"}]
["Utiliza somente assistência técnica governamental ",21,null,{"v":13.548387096774194,"d":"13.5"}]
["Utiliza somente assistência técnica privada ",57,null,{"v":36.774193548387096,"d":"36.8"}]
["Utiliza assistência técnica tanto governamental quanto privada",34,null,{"v":21.93548387096774,"d":"21.9"}]
["Utiliza Crédito Rural",25,null,{"v":16.129032258064516,"d":"16.1"}]
["Utiliza Seguro Rural",15,null,{"v":9.67741935483871,"d":"9.7"}]
["Utiliza Escrituração Agrícola",67,null,{"v":43.2258064516129,"d":"43.2"}]
["Acessa Internet p/ Fins na Agropecuária",34,null,{"v":21.93548387096774,"d":"21.9"}]
["Utiliza Computador nas Atividades Agropecuárias",33,null,{"v":21.290322580645164,"d":"21.3"}]
["Utiliza Energia Elétrica Para Uso na Atividade Agrícola",111,null,{"v":71.61290322580645,"d":"71.6"}]
["Utiliza Energia Alternativa",1,null,{"v":0.6451612903225807,"d":"0.6"}]
["Realiza Análise de Solo, quando necessário",105,null,{"v":67.74193548387096,"d":"67.7"}]
["Realiza Calagem",8,null,{"v":5.161290322580646,"d":"5.2"}]
["Utiliza Práticas de Conservação de Solo, quando necessário",115,null,{"v":74.19354838709678,"d":"74.2"}]
["Faz Adubação Mineral, quando necessário",108,null,{"v":69.6774193548387,"d":"69.7"}]
["Faz Adubação Orgânica, quando necessário",22,null,{"v":14.193548387096774,"d":"14.2"}]
["Faz Adubação Verde, quando necessário",6,null,{"v":3.870967741935484,"d":"3.9"}]
["Utiliza Manejo Integrado de Pragas (MIP)",1,null,{"v":0.6451612903225807,"d":"0.6"}]
["Utiliza Hidroponia","-",null,"-"]
["Utiliza Cultivo em Estufa","-",null,"-"]
["Utiliza Mudas Fiscalizadas",63,null,{"v":40.645161290322584,"d":"40.6"}]
["Utiliza Semente Melhorada",27,null,{"v":17.419354838709676,"d":"17.4"}]
["Faz Confinamento de Bovinos",5,null,{"v":3.2258064516129035,"d":"3.2"}]
["Utiliza Pastejo Intensivo",13,null,{"v":8.387096774193548,"d":"8.4"}]
["Faz Inseminação Artificial",2,null,{"v":1.2903225806451615,"d":"1.3"}]
["Faz Mineralização do Rebanho",26,null,{"v":16.774193548387096,"d":"16.8"}]
["Faz Vermifugação do Rebanho",28,null,{"v":18.06451612903226,"d":"18.1"}]
["Possui Parceiros /Arrendatários na Exploração Animal",13,null,{"v":8.387096774193548,"d":"8.4"}]
["Existência de trabalhadores c/ deficiência na UPA",1,null,{"v":0.6451612903225807,"d":"0.6"}]
["Esporte e lazer",3,null,{"v":1.935483870967742,"d":"1.9"}]
["Extração mineral","-",null,"-"]
["Hotel Fazenda, Pousada ou SPA","-",null,"-"]
["Pesque-pague",2,null,{"v":1.2903225806451615,"d":"1.3"}]
["Restaurante ou Lanchonete",2,null,{"v":1.2903225806451615,"d":"1.3"}]
["Transformação artesanal","-",null,"-"]
["Turismo rural ou ecoturismo","-",null,"-"]
["Outras atividades econômicas rurais",4,null,{"v":2.580645161290323,"d":"2.6"}]
["Agroindústria","-",null,"-"]
["Proprietário sem instrução ou com instrução incompleta",1,null,{"v":0.6451612903225807,"d":"0.6"}]
["Proprietário com antigo primário completo",31,null,{"v":20,"d":"20.0"}]
["Proprietário com 1° grau (ou antigo ginasial) completo",14,null,{"v":9.03225806451613,"d":"9.0"}]
["Proprietário com 2° grau (ou antigo colegial) completo",21,null,{"v":13.548387096774194,"d":"13.5"}]
["Proprietário com curso superior completo ",71,null,{"v":45.806451612903224,"d":"45.8"}]
["Pessoa Jurídica",17,null,{"v":10.96774193548387,"d":"11.0"}]
["Proprietário residente na própria UPA ",18,null,{"v":11.612903225806452,"d":"11.6"}]
["Fonte: Secretaria de Agricultura e Abastecimento, CDRS/IEA, Projeto LUPA."]
[]
["TABELA 239.5 - Área Cultivada, Município de Ipaussu, Estado de São Paulo, 2016/17."]
["CULTURA","N.DE UPAs","MÍNIMO","MÉDIO","MÁXIMO","TOTAL"]
["Cana-de-acucar finalidade industria",96,2.4,146.1,{"v":2208.5,"d":"2,208.5"},{"v":14025.6,"d":"14,025.6"}]
["Braquiaria",61,0.5,{"v":48.68,"d":"48.7"},{"v":1136,"d":"1,136.0"},{"v":2969.7,"d":"2,969.7"}]
["Soja",21,2.4,{"v":31.66,"d":"31.7"},181.5,664.8]
["Milho 2 safra",16,2.4,{"v":36.27,"d":"36.3"},181.5,580.3]
["Milho safra",5,1.5,{"v":16.98,"d":"17.0"},{"v":62,"d":"62.0"},84.9]
["Cafe",13,0.3,{"v":6.35,"d":"6.4"},36.3,82.5]
["Eucalipto",7,0.4,{"v":5.47,"d":"5.5"},11.5,38.3]
["Sorgo",1,{"v":25,"d":"25.0"},{"v":25,"d":"25.0"},{"v":25,"d":"25.0"},{"v":25,"d":"25.0"}]
["Outras gramineas para pastagem",1,{"v":17,"d":"17.0"},{"v":17,"d":"17.0"},{"v":17,"d":"17.0"},{"v":17,"d":"17.0"}]
["Gramas",2,{"v":4,"d":"4.0"},{"v":7,"d":"7.0"},{"v":10,"d":"10.0"},{"v":14,"d":"14.0"}]
["Abacate",1,2.4,2.4,2.4,2.4]
["Sorgo-vassoura",1,2.4,2.4,2.4,2.4]
["Capim-napier (ou capim-elefante)",1,0.5,0.5,0.5,0.5]
["Banana",1,0.4,0.4,0.4,0.4]
["Fonte: Secretaria de Agricultura e Abastecimento, CDRS/IEA, Projeto LUPA."]